• 首页
  • 本馆介绍
  • 公告通知
  • 最新文献
  • 馆藏检索
  • 电子资源
  • 读者导购
  • 参考咨询
  • 我的图书馆
  • 登录
  • 详细信息显示
  • 放入我的书架
  • 预约/预借图书
  • 作者相关作品
  • 分类相关作品
  • 丛书相关作品
  • 出版社相关作品

书目信息

  • 表格格式
  • 工作单格式
  • 卡片格式
题名:
分析力学
    
 
作者: 王振发 编
分册:  
出版信息: 北京   科学出版社  2002
页数: 202页
开本: 23cm
丛书名:
单 册:
中图分类: O316
科图分类:
主题词: 分析力学--高等学校
电子资源:
ISBN: 7-03-009746-7
000 00776nam0 2200241 45
001 030000000000
005 20051122083119.43
010    @a7-03-009746-7@dCNY18.00
092    @aCN
100    @a20030409e20032002em y0chiy0120 ea
101 0  @achi
102    @aCN@b110000
105    @aa az 000yy
200 1  @a分析力学@AFen Xi Li Xue@f王振发编@FWang Zhen Fa Bian
210    @a北京@c科学出版社@d2002
215    @a202页@c图@d23cm
300    @a21世纪高等院校教材(工科类)
330 0  @a本书共分七章:虚位移原理,动力学普遍方程和拉格朗日方程,哈密顿正则方程,力学的变分原理,两个自由度系统的振动,狭义相对论的拉格朗日方法和哈密顿方法等。
606 0  @a分析力学@x高等学校
690    @aO316@v4
701  0 @a王振发@4编
801  0 @aCN@bCXYBOOK@c20051122
905    @a10447@dO316@e11
    
    分析力学/王振发编.-北京:科学出版社,2002
    202页:图;23cm
    21世纪高等院校教材(工科类)
    
    ISBN 7-03-009746-7:CNY18.00
    本书共分七章:虚位移原理,动力学普遍方程和拉格朗日方程,哈密顿正则方程,力学的变分原理,两个自由度系统的振动,狭义相对论的拉格朗日方法和哈密顿方法等。
●
相关链接 在E读中查询图书 在五车中查询图书 在当当中查询图书 在豆瓣中查询图书


正题名:分析力学     索取号:O316/11         预约/预借

序号 登录号 条形码 馆藏地/架位号 状态 备注
1 0352023   3520238   第二样本阅览室/ [索取号:O316/11] 在馆    
2 0368540   203685404   第三借阅区/ [索取号:O316/11] 在馆    
3 0368541   203685413   第三借阅区/ [索取号:O316/11] 在馆    
4 0368542   203685422   第三借阅区/ [索取号:O316/11] 在馆    
5 0368543   203685431   第三借阅区/ [索取号:O316/11] 在馆    
6 0368544   203685440   第三借阅区/ [索取号:O316/11] 在馆    
唐山师范学院图书馆 欢迎您!
大连网信软件有限公司© 版权所有